000 00648nam a22001937a 4500
999 _c173042
_d173042
005 20200218103159.0
010 _aENG-127890
020 _c1195.00
_a9780199489688
035 _aEN-111422
037 _bDBAD/PUB
082 _a954.0359
100 _aAnkit, Rakesh
245 _a India in the Interregnum :
_cby Rakesh Ankit
_bInterim Government, September 1946-August 1947/
260 _aNew Delhi
_c2019
_bOxford University Press
270 _a2/11 Ground Floor,Ansari Road,Dariyaganj
_e110002
_bNew Delhi
300 _aIX;376p.
_b22(hb)
500 _aincludes bibliographical references and index
942 _2ddc
_cEN
_hANK
_k954.0359